|
|
|
|
| LEADER |
02014nam a2200469 i 4500 |
| 001 |
EBC1791733 |
| 003 |
MiAaPQ |
| 005 |
20200520144314.0 |
| 006 |
m o d | |
| 007 |
cr cnu|||||||| |
| 008 |
140929t20142014ne ob 000 0 eng d |
| 020 |
|
|
|z 9789089646439
|
| 020 |
|
|
|a 9789048523085
|q (electronic bk.)
|
| 035 |
|
|
|a (MiAaPQ)EBC1791733
|
| 035 |
|
|
|a (Au-PeEL)EBL1791733
|
| 035 |
|
|
|a (CaPaEBR)ebr10938435
|
| 035 |
|
|
|a (CaONFJC)MIL801040
|
| 035 |
|
|
|a (OCoLC)892484411
|
| 040 |
|
|
|a MiAaPQ
|b eng
|e rda
|e pn
|c MiAaPQ
|d MiAaPQ
|
| 043 |
|
|
|a e-ne---
|a e-be---
|
| 050 |
|
4 |
|a DJ91
|b .V36 2014
|
| 082 |
0 |
|
|a 301.45109492
|2 23
|
| 100 |
1 |
|
|a Meeteren, Masja van,
|e author.
|
| 245 |
1 |
0 |
|a Irregular migrants in belgium and the Netherlands :
|b aspirations and incorporation /
|c Masja van Meeteren ; cover illustration, Bruce Pannier.
|
| 264 |
|
1 |
|a Amsterdam, Netherlands :
|b Amsterdam University Press,
|c 2014.
|
| 264 |
|
4 |
|c 2014
|
| 300 |
|
|
|a 1 online resource (250 pages).
|
| 336 |
|
|
|a text
|2 rdacontent
|
| 337 |
|
|
|a computer
|2 rdamedia
|
| 338 |
|
|
|a online resource
|2 rdacarrier
|
| 490 |
1 |
|
|a IMISCOE Research
|
| 504 |
|
|
|a Includes bibliographical references.
|
| 588 |
|
|
|a Description based on online resource; title from PDF title page (ebrary, viewed September 29, 2014).
|
| 590 |
|
|
|a Electronic reproduction. Ann Arbor, MI : ProQuest, 2015. Available via World Wide Web. Access may be limited to ProQuest affiliated libraries.
|
| 650 |
|
0 |
|a Immigrants
|z Netherlands.
|
| 650 |
|
0 |
|a Immigrants
|z Belgium.
|
| 655 |
|
4 |
|a Electronic books.
|
| 700 |
1 |
|
|a Pannier, Bruce,
|e cover designer.
|
| 776 |
0 |
8 |
|i Print version:
|a van Meeteren, Masja.
|t Irregular migrants in belgium and the Netherlands : aspirations and incorporation.
|d Amsterdam, Netherlands : Amsterdam University Press, c2014
|h 242 pages
|k IMISCOE research.
|z 9789089646439
|
| 797 |
2 |
|
|a ProQuest (Firm)
|
| 830 |
|
0 |
|a IMISCOE research.
|
| 856 |
4 |
0 |
|u https://ebookcentral.proquest.com/lib/matrademy/detail.action?docID=1791733
|z Click to View
|